Music Quiz

Random Music or Bands Quiz

Missing Band Members Quiz Stats

 Plays Quiz Updated Feb 18, 2020

Support Sporcle.
Go Orange.
Score 0/25 Timer 07:00
0 Plays Today
Band members Who's missing? % Correct
Mary Wilson, Florence Ballard...Diana Ross
65.5%
Graham Nash, Neil Young, Stephen Stills...David Crosby
61.7%
Carl Wilson, Dennis Wilson, Mike Love, Al Jardine...Brian Wilson
60.9%
Guy Berryman, Jonny Buckland, Will Champion...Chris Martin
55.7%
Nick Mason, Richard Wright, David Gilmour...Roger Waters
55.5%
George Harrison, Roy Orbison, Jeff Lynne, Bob Dylan...Tom Petty
54.1%
Tommy Ramone, Johnny Ramone, Dee Dee Ramone...Joey Ramone
39.1%
Mike Dirnt, Billie Joe Armstrong...Tré Cool
36.6%
Beyoncé Knowles, Michelle Williams...Kelly Rowland
33.9%
Pras Michel, Lauryn Hill...Wyclef Jean
33.4%
Terminator X, S1W, Flavor Flav ...Chuck D
29.6%
Lindsey Buckingham, Christine McVie, Mick Fleetwood, Stevie Nicks...John McVie
28.8%
Michael Stoermer, Ronnie Vannucci Jr, Dave Keuning, Brandon Flowers
28.4%
Band members Who's missing? % Correct
MCA, Ad-Rock...Mike D
27.1%
Cee-Lo Green...Danger Mouse
25.7%
Chad Hugo, Shae Haley...Pharrell Williams
22%
Vicki Peterson, Debbi Peterson, Michael Steele...Susanna Hoffs
20.2%
Stephen Morris, Peter Hook, Bernard Sumner ...Ian Curtis
18.9%
Thom Yorke, Colin Greenwood, Ed O'Brien, Phil Selway...Jonny Greenwood
18.9%
D'arcy Wretzky, Billy Corgan, Jimmy Chamberlin...James Iha
18.1%
Dominic Howard, Christopher Wolstenholme...Matthew Bellamy
17.7%
Jordan Knight, Jonathan Knight, Donnie Wahlberg, Danny Wood...Joey McIntyre
16.9%
Jeff Ament, Dave Abbruzzese , Eddie Vedder, Stone Gossard...Mike McCready
15%
Michael Stipe, Bill Berry, Peter Buck...Mike Mills
14.3%
John Cale, Lou Reed, Maureen Tucker...Sterling Morrison
8.2%

You're not logged in!

Compare scores with friends on all Sporcle quizzes.
OR
Log In

From the Vault

Hollywood Squares VI

by big8dog88

Yes, we know you could also call it a Hollywood Rectangle.
Remove Ads.
Support Sporcle.
Get the best of Sporcle when you Go Orange. This ad-free experience offers more features, more stats, and more fun while also helping to support Sporcle. Thank you for becoming a member.

Show Comments

Extras

Top Quizzes Today


Score Distribution

Your Account Isn't Verified!

In order to create a playlist on Sporcle, you need to verify the email address you used during registration. Go to your Sporcle Settings to finish the process.

Report this User

Report this user for behavior that violates our Community Guidelines.

Details: